Cratères et Candélabres de marbre (notice n° 9473)

détails MARC
000 -Label
leader 00741nam a2200217 4500
099 ## - Informations locales
Type de document Livre
100 ## - Données générales de traitement
a 20260220d u||y0frey5050 ba
101 ## - Langue
langue document français
102 ## - Pays d'édition ou de production
pays d'édition Tunisie
-- France
200 ## - Titre
titre propre Cratères et Candélabres de marbre
type de document Livre
sous-titre trouvés en mer près de Mahdia
auteur A. Merlin
-- L. Poinssot
210 ## - Editeur
lieu de publication Tunis
nom de l'éditeur Tournier éditeur
lieu de publication Paris
nom de l'éditeur Vuibert éditeur
date de publication 1930
215 ## - Description
Importance matérielle 143, … p.
autres carac. couv.n.b.
format 28 x 19
225 ## - collection
Collection Direction des Antiquités et des Arts
titre de la sous-collection Notes & Documents
606 ## - sujets
sujet Histoire
subdiv. sujet Archéologie
subdiv. géo. Mahdia
-- Tunisie
koha internal code 25844
676 ## - classification
indice Dewey 553.512
701 ## - coauteur
code de fonction Auteur
nom Merlin
prénom A.
koha internal code 25845
701 ## - coauteur
code de fonction Auteur
nom Poinssot
prénom L.
koha internal code 25846
801 ## - source de catalogage
pays TN
agence de catalogage 32Bis
date de la transaction YYYYMMDD
règles de catalogage utilisées AFNOR
830 ## - note
catalogeur ABA
Exemplaires
Propriétaire Dépositaire Localisation Code barre Numéro Inventaire Cote Note Statut
The 32bis Library The 32bis Library Salle de lecture 32BIS 007258 7177 553.512 MER Dépôt MAB Consultable sur place
32 bis, rue Ben Ghedhahem 1000 Tunis - Tunisie www.32bis.org
Contact : mediatheque@32bis.org